İzmir Metro Quiz - Statistics

General Stats
  • This quiz has been taken 90 times
  • The average score is 49 of 111
Answer Stats
Answer % Correct
Halkapınar
91%
Alsancak
81%
Karşıyaka
81%
Aliağa
75%
Konak
75%
Bornova
74%
Hilal
74%
Bayraklı
72%
Menemen
72%
Çiğli
70%
Göztepe
68%
Evka 3
66%
Hatay
66%
Basmane
64%
Ege Üniversitesi
64%
Mavişehir
64%
Selçuk
64%
Alsancak Stadyum
62%
Çankaya
62%
Şirinyer
62%
Stadyum
62%
Tepeköy
62%
Alaybey
60%
Demirköprü
60%
Fahrettin Altay
60%
Nergiz
60%
Salhane
60%
Sanayi
60%
Üçyol
58%
Egekent
57%
Egekent 2
57%
Kemer
55%
Poligon
55%
Turan
55%
Bölge
53%
Şemikler
53%
Adnan Menderes Havalimanı
51%
Cumaovası
51%
Gaziemir
51%
Koşu
51%
Mustafa Kemal Atatürk Spor Salonu
51%
Naldöken
51%
Hatundere
49%
İzmirspor
49%
Ata Sanayi
47%
Torbalı
47%
Esbaş
45%
Kaymakamlık
45%
Biçerova
43%
Ulukent
43%
Balçova
42%
Mustafa Kemal Atatürk Bulvarı
42%
İnkılap
40%
Kültürpark Atatürk Lisesi
40%
Atatürk Spor Salonu
38%
Develi
38%
Dokuz Eylül Üniversitesi Hastanesi
38%
Üçkuyular
38%
Hocazade Cami
36%
Karataş
34%
Pancar
34%
Semt Garajı
34%
Tekeli
34%
Alsancak Gar
32%
Belevi
32%
Eski Havaalanı
32%
Sarnıç
32%
Çarşı
30%
Güzel Sanatlar
30%
Güzelyalı
30%
Karşıyaka İskele
30%
Konak İskele
30%
Sağlık
30%
Üniversite
30%
Karantina
28%
Bostanlı İskele
26%
Çağdaş
26%
Gazi Bulvarı
26%
Havagazı
26%
Kuşçuburun
26%
Yunuslar
26%
Ahmed Adnan Saygun Sanat Merkezi
23%
Atakent
23%
Çiğli Bölge Hastanesi
23%
Köprü
23%
Vilayet Evi
23%
Ataşehir
21%
Katip Çelebi Üniversitesi
21%
Nikah Sarayı
21%
Sadıkbey
21%
Narlıdere İtfaiye
19%
Şehitlik
19%
Evka 5
17%
Selçuk Yaşar
17%
Bilim Müzesi
15%
Çevreyolu
11%
Flamingo
11%
İAOSB Müdürlüğü
11%
İAOSB Nedim Uysal Lisesi
11%
Semra Aksu
9%
Kemal Baysak
8%
Nazım Hikmet Ran
8%
Nihat Karakartal
8%
Yenimahalle
6%
No matching quizzes found
Score Distribution
Percent of People with Each Score
Percentile by Number Answered
Your Score History
You have not taken this quiz